000
00313nam a22001337a 4500
008
181015b xxu||||| |||| 00| 0 eng d
020
_a
9781609130015
041
_a
eng
080
_a
615
100
_a
5
101
_a
SHF
245
_a
Introduction to the Pharmaceutical Sciences
_c
Pandit, N.K
942
_2
udc
_c
BK
999
_c
49740
_d
49740